Gaming Quiz

Random Gaming or Video Games Quiz

All winners of The International in Dota 2 Quiz Stats

 Plays Quiz not verified by Sporcle

Challenge
Share
Tweet
Embed
Score 0/40 Timer 10:00
0 Plays Today
Hint Answer % Correct
The International 8ana
100%
The International 8Topson
100%
The International 8JerAx
100%
The International 8Ceb
100%
The International 8N0tail
100%
The International 1Dendi
97.9%
The International 7Miracle-
95.1%
The International 7KuroKy
95.1%
The International 7MATUMBAMAN
93.8%
The International 5Sumail
92.9%
The International 1Puppey
92.1%
The International 7MinD_ContRoL
91.4%
The International 7GH
91.4%
The International 3s4
90%
The International 5Fear
90%
The International 5UNiVeRsE
90%
The International 5ppd
89.3%
The International 3Loda
88.6%
The International 3AdmiralBulldog
88.6%
The International 1XBOCT
86.4%
Hint Answer % Correct
The International 5Aui_2000
85.7%
The International 3Akke
78.6%
The International 1LighTofHeaveN
77.9%
The International 1Artstyle
77.1%
The International 3EGM
76.4%
The International 2Faith
75%
The International 2ChuaN
70.7%
The International 2Ferrari_430
70%
The International 4Hao
63.6%
The International 6shadow
62.9%
The International 4Mu
61.4%
The International 4xiao8
61.4%
The International 6Faith_bian
61.4%
The International 4Banana
60.7%
The International 6iceice
60.7%
The International 6bLink
57.1%
The International 2Zhou
52.9%
The International 4SanSheng
52.1%
The International 6y`
50%
The International 2YYF
41.4%

You're not logged in!

Compare scores with friends on all Sporcle quizzes.
OR
Log In

You Might Also Like...

Show Comments

Extras

Top Quizzes Today


Score Distribution

Your Account Isn't Verified!

In order to create a playlist on Sporcle, you need to verify the email address you used during registration. Go to your Sporcle Settings to finish the process.

Report this User

Report this user for behavior that violates our Community Guidelines.

Details: